| 000 | 00707nam a22002777a 4500 | ||
|---|---|---|---|
| 003 | UA-OsUOA | ||
| 001 | 26702 | ||
| 007 | ta | ||
| 008 | 20040608b un ||||| |||| 00| 0 ukr d | ||
| 100 | _aПотебня Г.П | ||
| 700 | _aЛисовенко Г.С. | ||
| 700 | _aКривенко В.В | ||
| 090 |
_a611 _bП64 |
||
| 942 | _cBK | ||
| 040 |
_aUA-OsUOA _brus _cUA-OsUOA _dUA-OsUOA |
||
| 245 | _aКлиническая и экспериментальная иридология | ||
| 300 | _a262 с. | ||
| 955 | _a0 | ||
| 041 | _arus | ||
| 080 | _a611 | ||
| 020 | _a5-12-004178-7 | ||
| 260 |
_aКиев _bНаукова думка _c1995 |
||
| 044 | _aUA | ||
| 650 | 7 | _2UDC | |
| 999 |
_c313030 _d313030 |
||